Integrated land and water management for food security / (Record no. 91402)

MARC details
000 -LEADER
fixed length control field 00526nam a22001577a 4500
010 ## - LCCN (DPL NO)
LC control number ENG-112169
020 ## - INTERNATIONAL STANDARD BOOK NUMBER
International Standard Book Number 9788174877260
Terms of availability 495.00
020 ## - INTERNATIONAL STANDARD BOOK NUMBER
International Standard Book Number 8174877266
Terms of availability 495.00
035 ## - SYSTEM CONTROL NUMBER
System control number EN-95701
037 ## - SOURCE OF ACQUISITION
Source of stock number/acquisition DBAD/PUB
245 ## - TITLE STATEMENT
Title Integrated land and water management for food security /
Statement of responsibility, etc edited by K.N. Singh : Co-editor S.K. Singh [and] S.N. Singh
260 ## - PUBLICATION, DISTRIBUTION, ETC. (IMPRINT)
Place of publication, distribution, etc New Delhi
Name of publisher, distributor, etc Radha Publications
Date of publication, distribution, etc 2011
270 ## - ADDRESS
Address 4231/1, Ansari Road, Daryaganj
City New Delhi
Postal code 110002
300 ## - PHYSICAL DESCRIPTION
Extent xii,188p.:
Dimensions 20cm(Hb)
942 ## - ADDED ENTRY ELEMENTS (KOHA)
Source of classification or shelving scheme Dewey Decimal Classification
Item type English Books
Call number suffix INT

No items available.


© Delhi Public Library
Hit Counter
free hit counter